| 000 | 00397nam a22001697a 4500 | ||
|---|---|---|---|
| 005 | 20181016121626.0 | ||
| 008 | 160623b xxu||||| |||| 00| 0 eng d | ||
| 020 | _a978-81-203-2253-0 | ||
| 041 | _aeng | ||
| 082 |
_b9333 _a658.403 |
||
| 100 |
_aKelkar, S.A. _91050 |
||
| 245 | _aManagement Information System | ||
| 260 |
_bPHI _c2008 |
||
| 300 | _a251 | ||
| 650 |
_aManagement _9241 |
||
| 942 | _cBK | ||
| 999 |
_c3667 _d3666 |
||